| 000 | 00839nam a2200205 a 4500 | ||
|---|---|---|---|
| 003 | 0 | ||
| 005 | 20250515145624.0 | ||
| 008 | 021129s19uu xx 00 eng d | ||
| 050 |
_aPGS PN 4121 _b.V714 2001 |
||
| 100 | _aVillaluz, Adam Francis L. | ||
| 245 |
_aBenefits derived from public speaking subject of the third year high school students of Southville International School (SY 2000-2001) / _cAdam Francis L. Villaluz. |
||
| 260 |
_aLas PiƱas City, Philippines : _bSouthville International School and Colleges, _c2001. |
||
| 300 |
_a26 pages : _bcolored illustrations ; _c28 cm. |
||
| 504 | _aIncludes bibliographical references. | ||
| 650 | _aPublic speaking | ||
| 650 |
_aSpeech _vStudy and teaching (Secondary). |
||
| 650 |
_aHigh school students _vEducation. |
||
| 650 | _aCommunication in education. | ||
| 942 |
_2lcc _cPASS |
||
| 999 |
_c96530 _d96530 |
||